1364 1273 1031 1253 1423 1185 1005 1212 1588 1669 1635 1811 1094 1490 1317 1451 1551 1797 1428 1613 1279 1482 1546 1313 1933 1713 1000 1905 1664 1458 1165 1663 1634 1298 1510 1914 1711 1073 1090 1390 1369 1590 1626 1464 1890 1272 1832 1772 1395 1528 1983 1694 1838 1950 1155 1952 1442 1894 1036 1357 1279 1982 1565 1576 1825 1865 1546 1500 1327 1312 1789 1006 1805 1297 1256 1767 1284 1646 1502 1810 1325 1134 1233 1255 1084 1042 1831 1102 1949 1476 1055 1740 1992 1189 1606 1821 1673 1803 1589 BCNSPRNW ULIB Ver.6.0+V

เปลี่ยนเป็นภาษาไทย

Change to English
 แสดงรายละเอียดบรรณานุกรม
  กลับหน้าหลัก

Brief Record : Get Marc (ISO 2709) : E-mail record : QR code < ปิดหน้าต่าง
LEADER : 00000nam 2200000uu 4500
001    13399127690
003     ULIB
008    210420s2563||||th 000 0 tha d
020    ^a9786169354802
060 04 ^aWC515^bส869Q
100 0  ^aสุวพร อนุกูลเรืองกิตติ์
245 00 ^aQ&A ไขปัญหา "ไข้หวัดใหญ่"/^cสุวพร อนุกูลเรืองกิตติ์
250    ^aพิมพ์ครั้งที่ 1
260    ^aกรุงเทพฯ : ^bมูลนิธิส่งเสริมการศึกษา ไข้หวัดใหญ่,^c2563.
300    ^a71 หน้า :^bภาพประกอบ; ^c16 ซม.
650  7 ^aไข้หวัดใหญ่^xการป้องกันและควบคุม^xไขปัญหา
650  7 ^aวัคซีนไข้หวัดใหญ่
945    ^p90^l0^i008010
945    ^p90^l0^i008011
945    ^p90^l0^i008012
945    ^p90^l0^i008013
945    ^p90^l0^i008014
999    ^aประนอม เกษจรัล
รายการนี้ยังไม่มีแท็ก
คุณยังไม่ได้ล็อกอิน คุณสามารถมีกิจกรรมร่วมกับเว็บไซต์ได้ แต่ต้องล็อกอินก่อน ::
  ล็อกอิน

รายการสื่อสารสนเทศ

ลำดับที่ ประเภท เลขเรียก/บาร์โค้ด สถานที่ สถานะ
1. วิทยาศาสตร์การแพทย์ และสุขภาพ
หนังสือสำรอง
สถานะ=หนังสือสำรอง
WC515 ส869Q ฉ.1 
  Barcode: 008010
ห้องสมุดวิทยาเขตสวรรค์ประชารักษ์
►หนังสือทั่วไป
บนชั้น
2. วิทยาศาสตร์การแพทย์ และสุขภาพ
วิทยาศาสตร์การแพทย์ และสุขภาพ
WC515 ส869Q ฉ.2 
  Barcode: 008011
ห้องสมุดวิทยาเขตสวรรค์ประชารักษ์
►หนังสือทั่วไป
บนชั้น
3. วิทยาศาสตร์การแพทย์ และสุขภาพ
วิทยาศาสตร์การแพทย์ และสุขภาพ
WC515 ส869Q ฉ.3 
  Barcode: 008012
ห้องสมุดวิทยาเขตสวรรค์ประชารักษ์
►หนังสือทั่วไป
บนชั้น
4. วิทยาศาสตร์การแพทย์ และสุขภาพ
วิทยาศาสตร์การแพทย์ และสุขภาพ
WC515 ส869Q ฉ.4 
  Barcode: 008013
ห้องสมุดวิทยาเขตสวรรค์ประชารักษ์
►หนังสือทั่วไป
บนชั้น
5. วิทยาศาสตร์การแพทย์ และสุขภาพ
วิทยาศาสตร์การแพทย์ และสุขภาพ
WC515 ส869Q ฉ.5 
  Barcode: 008014
ห้องสมุดวิทยาเขตสวรรค์ประชารักษ์
►หนังสือทั่วไป
บนชั้น

รายการใกล้เคียง
    ผู้แต่ง [สุวพร อนุกูลเรืองกิตติ์]

    หัวเรื่อง [วัคซีนไข้หวัดใหญ่]

BibComment


ยังไม่เคยถูกคอมเมนท์

คอมเมนท์ทรัพยากรรายการนี้
  คอมเมนท์: QA ไขปัญหา ไข้หว..


 Copyright 2026. Bcnsprnw @Library